000
00292nam a22001217a 4500
008
181217b xxu||||| |||| 00| 0 eng d
041
_a
eng
080
_a
510
100
_a
38
101
_a
MAT
245
_a
Beginning Algebra With Applications Visualization
_c
Gary.k.R
942
_2
udc
_c
BK
999
_c
53220
_d
53220